Derecho y geografa̕ espacio, poder y sistema jurd̕ico /

Detalles Bibliográficos
Autor principal: Ford, Richard T.
Otros Autores: Braverman, Irus, Valverde, Mariana
Formato: eBook
Lenguaje:español
Publicado: Bogot:̀ Universidad de Los Andes (Colombia), 2020
Materias:
Acceso en línea:Acceso restringido

MARC

LEADER 00000nam a22000007a 4500
005 20200723225949.0
007 cr|||| ||||
008 200723s2020 co |||||s|||| 00||0 spa d
020 |a 978-958-665-602-3 
035 |a 31828 
040 |a vLex 
090 |c 10700  |d 10700 
100 1 |a Ford, Richard T. 
245 1 0 |a Derecho y geografa̕  |h [Recurso electrn̤ico] :  |b espacio, poder y sistema jurd̕ico /  |c Richard T. Ford, Irus Braverman, Mariana Valverde 
256 |a Servicio en ln̕ea 
260 |a Bogot:̀  |b Universidad de Los Andes (Colombia),  |c 2020 
300 |a 1 recurso electrn̤ico 
506 1 |a Disponible solo en los productos indicados  |d vLex Global  |d vLex Global (Academic Edition, excluding Law Schools)  |d vLex Global (U.S. Academic Edition, Law Schools)  |d vLex Global (U.S. Academic Edition, excluding Law Schools)  |d vLex Global (Academic Edition, Law Schools) 
650 0 4 |a Derecho Pb︢lico y Administrativo  |z Colombia 
700 1 |a Braverman, Irus 
700 1 |a Valverde, Mariana 
740 0 |a vLex Libros (Servicio en ln̕ea) 
856 4 0 |u http://vlex.com/source/derecho-geografia-espacio-poder-sistema-juridico-31828  |z Acceso restringido 
942 |c BOOK 
999 0 |a Public and Administrative Law